000 00751nam a22002177a 4500
999 _c20164
_d20164
003 AR-CdUCM
008 190527b ||||| |||| 00| 0 spa d
040 _aMUNICIPALIDAD PROVINCIAL DEL CUSCO
_cBIBLIOTECA MUNICIPAL DEL CUSCO
041 _heng
082 _a333.7 /
_bS78
100 _aStamp, Laurence Dudley
_942162
245 _aPoblación mundial y recursos naturales :
_bnuestro mundo en desarrollo /
260 _aBarcelona :
_bEds. Oikos-Tau,
_c1965.
300 _a233 páginas ;
_c23 cm.
505 _aContenido: El problema -- La población del mundo -- La producción de alimentos...
650 _aPoblación
_93673
650 _aAlimentos
_97656
650 _aAbastecimiento
_942163
942 _2ddc
_cLIBROS
945 _adavv
_d2019-05-27